000 00916cam a22002533a 4500
001 13923
003 PGUSA
005 20140828083310.0
008 041102s2004||||xxu|||||s|||||000 | eng d
040 _aPGUSA
_beng
042 _adc
050 4 _aTX
100 1 _aZiemann, Hugo
245 1 4 _aThe Whitehouse Cookbook (1887) :
_bCooking, Toilet and Household Recipes, Menus, Dinner-Giving, Table Etiquette, Care of the Sick, Health Suggestions, Facts Worth Knowing, Etc., Etc. The Whole Comprising a Comprehensive Cyclopedia of Information for the Home
_h[electronic resource] /
_cHugo Ziemann
260 _bProject Gutenberg,
_c2004
506 _aPublic domain in the USA.
516 _aElectronic text
653 _aTable service
653 _aCooking, American
653 _aFormulas, recipes, etc.
830 0 _aProject Gutenberg
_v13923
856 4 0 _uhttp://www.gutenberg.org/ebooks/13923
942 _cEB
999 _c243178
_d243178